MARC details
| 000 -LEADER |
| fixed length control field |
03494cas a2200817 a 4500 |
| 001 - CONTROL NUMBER |
| control field |
11156496 |
| 003 - CONTROL NUMBER IDENTIFIER |
| control field |
OSt |
| 005 - DATE AND TIME OF LATEST TRANSACTION |
| control field |
20250211141530.0 |
| 008 - FIXED-LENGTH DATA ELEMENTS--GENERAL INFORMATION |
| fixed length control field |
751101c19589999enkbr p 0 a0eng |
| 010 ## - LIBRARY OF CONGRESS CONTROL NUMBER |
| LC control number |
sa 64007476 |
| 016 7# - NATIONAL BIBLIOGRAPHIC AGENCY CONTROL NUMBER |
| Record control number |
100972259 |
| Source |
DNLM |
| 016 ## - NATIONAL BIBLIOGRAPHIC AGENCY CONTROL NUMBER |
| Record control number |
(AMICUS)000000950132 |
| 022 ## - INTERNATIONAL STANDARD SERIAL NUMBER |
| International Standard Serial Number |
0020-8728 |
| ISSN-L |
0020-8728 |
| Incorrect ISSN |
0020-8720 |
| Source |
z |
| 025 ## - OVERSEAS ACQUISITION NUMBER |
| Overseas acquisition number |
PL480:I-D-E-553 |
| 032 ## - POSTAL REGISTRATION NUMBER |
| Postal registration number |
765770 |
| Source agency assigning number |
USPS |
| 035 ## - SYSTEM CONTROL NUMBER |
| System control number |
(OCoLC)ocm01753722 |
| 040 ## - CATALOGING SOURCE |
| Original cataloging agency |
DLC |
| Language of cataloging |
eng |
| Transcribing agency |
MUL |
| Modifying agency |
OCL |
| -- |
COO |
| -- |
NYG |
| -- |
DLC |
| -- |
NST |
| -- |
NSD |
| -- |
NST |
| -- |
OCL |
| -- |
NLM |
| -- |
OCLCQ |
| -- |
ORZ |
| -- |
ZYU |
| -- |
NLGGC |
| -- |
UQ1 |
| -- |
CUS |
| -- |
OCLCQ |
| -- |
OCLCO |
| -- |
OCLCF |
| -- |
OCLCA |
| -- |
OCLCO |
| -- |
OCLCQ |
| -- |
CKK |
| -- |
CEF |
| -- |
RDF |
| -- |
CASUM |
| -- |
NLC |
| -- |
OCLCQ |
| -- |
CGU |
| 041 0# - LANGUAGE CODE |
| Language code of text/sound track or separate title |
eng |
| -- |
fre |
| 042 ## - AUTHENTICATION CODE |
| Authentication code |
pcc |
| 050 00 - LIBRARY OF CONGRESS CALL NUMBER |
| Classification number |
HV1 |
| Item number |
.I63 |
| 082 04 - DEWEY DECIMAL CLASSIFICATION NUMBER |
| Classification number |
360.5 |
| Item number |
qI616 |
| 210 0# - ABBREVIATED TITLE |
| Abbreviated title |
Int. soc. work |
| 222 #0 - KEY TITLE |
| Key title |
International social work |
| 245 00 - TITLE STATEMENT |
| Title |
International social work. |
| 246 1# - VARYING FORM OF TITLE |
| Display text |
Issues for <May 2005-> also bear acronym title: |
| Title proper/short title |
ISW |
| 260 ## - PUBLICATION, DISTRIBUTION, ETC. (IMPRINT) |
| Place of publication, distribution, etc. |
Bombay, India : |
| Name of publisher, distributor, etc. |
Mrs. C. Dave |
| 300 ## - PHYSICAL DESCRIPTION |
| Extent |
volumes ; |
| Dimensions |
28 cm |
| 310 ## - CURRENT PUBLICATION FREQUENCY |
| Current publication frequency |
Bimonthly, |
| Date of current publication frequency |
2005- |
| 321 ## - FORMER PUBLICATION FREQUENCY |
| Former publication frequency |
Quarterly, |
| Dates of former publication frequency |
1958-2004 |
| 336 ## - CONTENT TYPE |
| Content type term |
text |
| Content type code |
txt |
| Source |
rdacontent |
| 337 ## - MEDIA TYPE |
| Media type term |
unmediated |
| Media type code |
n |
| Source |
rdamedia |
| 338 ## - CARRIER TYPE |
| Carrier type term |
volume |
| Carrier type code |
nc |
| Source |
rdacarrier |
| 362 1# - DATES OF PUBLICATION AND/OR SEQUENTIAL DESIGNATION |
| Dates of publication and/or sequential designation |
Began with: Vol. 1 in Jan. 1958. |
| 500 ## - GENERAL NOTE |
| General note |
Issues for <Jan. 1989-May 2005> published: London : Sage Publications. |
| 530 ## - ADDITIONAL PHYSICAL FORM AVAILABLE NOTE |
| Additional physical form available note |
Also issued online. |
| 546 ## - LANGUAGE NOTE |
| Language note |
English with some contributions in French. |
| 550 ## - ISSUING BODY NOTE |
| Issuing body note |
Official journal of the International Conference of Social Work, 1958-1966; the International Council on Social Welfare, 1966- ; the International Association of Schools of Social Work, 1958- ; and the International Federation of Social Workers, July 1959- |
| 588 ## - SOURCE OF DESCRIPTION NOTE |
| Source of description note |
Description based on: Vol. 20, no. 1, published in 1977; title from cover. |
| 588 ## - SOURCE OF DESCRIPTION NOTE |
| Source of description note |
Latest issue consulted: Vol. 48, no. 3 (May 2005). |
| 590 ## - LOCAL NOTE (RLIN) |
| Local note |
SERBIB/SERLOC merged record |
| 650 #0 - SUBJECT ADDED ENTRY--TOPICAL TERM |
| Topical term or geographic name as entry element |
Social service |
| Form subdivision |
Periodicals. |
| 650 #0 - SUBJECT ADDED ENTRY--TOPICAL TERM |
| Topical term or geographic name as entry element |
Social work education |
| Form subdivision |
Periodicals. |
| 650 #7 - SUBJECT ADDED ENTRY--TOPICAL TERM |
| Topical term or geographic name as entry element |
Social service. |
| Source of heading or term |
fast |
| Authority record control number |
(OCoLC)fst01123192 |
| 650 #7 - SUBJECT ADDED ENTRY--TOPICAL TERM |
| Topical term or geographic name as entry element |
Social work education. |
| Source of heading or term |
fast |
| Authority record control number |
(OCoLC)fst01123461 |
| 650 17 - SUBJECT ADDED ENTRY--TOPICAL TERM |
| Topical term or geographic name as entry element |
Andragologie. |
| Source of heading or term |
gtt |
| 650 #7 - SUBJECT ADDED ENTRY--TOPICAL TERM |
| Topical term or geographic name as entry element |
Travail social. |
| Source of heading or term |
rasuqam |
| 650 #7 - SUBJECT ADDED ENTRY--TOPICAL TERM |
| Topical term or geographic name as entry element |
Service social. |
| Source of heading or term |
rasuqam |
| 650 #7 - SUBJECT ADDED ENTRY--TOPICAL TERM |
| Topical term or geographic name as entry element |
Travailleur social. |
| Source of heading or term |
rasuqam |
| 650 #7 - SUBJECT ADDED ENTRY--TOPICAL TERM |
| Topical term or geographic name as entry element |
Formation (Éducation) |
| Source of heading or term |
rasuqam |
| 650 #7 - SUBJECT ADDED ENTRY--TOPICAL TERM |
| Topical term or geographic name as entry element |
Étude transculturelle. |
| Source of heading or term |
rasuqam |
| 650 12 - SUBJECT ADDED ENTRY--TOPICAL TERM |
| Topical term or geographic name as entry element |
Social Work. |
| 650 12 - SUBJECT ADDED ENTRY--TOPICAL TERM |
| Topical term or geographic name as entry element |
Sociology. |
| 655 #7 - INDEX TERM--GENRE/FORM |
| Genre/form data or focus term |
Periodicals. |
| Source of term |
fast |
| Authority record control number |
(OCoLC)fst01411641 |
| 655 #7 - INDEX TERM--GENRE/FORM |
| Genre/form data or focus term |
Périodique électronique (Descripteur de forme) |
| Source of term |
rasuqam |
| 655 #7 - INDEX TERM--GENRE/FORM |
| Genre/form data or focus term |
Ressource Internet (Descripteur de forme) |
| Source of term |
rasuqam |
| 655 #4 - INDEX TERM--GENRE/FORM |
| Genre/form data or focus term |
Periodical. |
| 655 #4 - INDEX TERM--GENRE/FORM |
| Genre/form data or focus term |
Internet resource. |
| 710 2# - ADDED ENTRY--CORPORATE NAME |
| Corporate name or jurisdiction name as entry element |
International Council on Social Welfare. |
| 710 2# - ADDED ENTRY--CORPORATE NAME |
| Corporate name or jurisdiction name as entry element |
International Association of Schools of Social Work. |
| 710 2# - ADDED ENTRY--CORPORATE NAME |
| Corporate name or jurisdiction name as entry element |
International Conference of Social Work (Society) |
| 710 2# - ADDED ENTRY--CORPORATE NAME |
| Corporate name or jurisdiction name as entry element |
International Federation of Social Workers. |
| 776 08 - ADDITIONAL PHYSICAL FORM ENTRY |
| Relationship information |
Online version: |
| Title |
International social work (Online) |
| International Standard Serial Number |
1461-7234 |
| Record control number |
(DLC) 2020207201 |
| -- |
(OCoLC)42441555 |
| 776 08 - ADDITIONAL PHYSICAL FORM ENTRY |
| Relationship information |
Online version: |
| Title |
International social work |
| Record control number |
(DLC)sa 64007476 |
| -- |
(OCoLC)300504083 |
| 780 00 - PRECEDING ENTRY |
| Title |
Social welfare in South-East-Asia |
| Record control number |
(OCoLC)49319374 |
| 906 ## - LOCAL DATA ELEMENT F, LDF (RLIN) |
| a |
7 |
| b |
cbc |
| c |
serials |
| d |
u |
| e |
ncip |
| f |
19 |
| g |
n-oclcserc |
| 942 ## - ADDED ENTRY ELEMENTS (KOHA) |
| Source of classification or shelving scheme |
Dewey Decimal Classification |
| Koha item type |
Books |